[Event "POL-ch U16 Girls"]
[Site "Sypniewo"]
[Date "2022.03.20"]
[Round "2"]
[White "Siekanska, Maria"]
[Black "Oborska, Magda"]
[Result "1/2-1/2"]
[WhiteElo "1989"]
[BlackElo "1627"]
[PlyCount "100"]
[EventDate "2022.03.19"]
[EventType "swiss"]
[EventRounds "9"]
[EventCountry "POL"]
[SourceTitle "CBM 207 Extra"]
[Source "ChessBase"]
[SourceDate "2022.05.31"]
[SourceVersion "1"]
[SourceVersionDate "2022.05.31"]
[SourceQuality "1"]

1. d4 d5 2. c4 e6 3. Nc3 Nf6 4. cxd5 exd5 5. Bg5 Be7 6. e3 c6 7. Bd3 h6 8. Bh4 Nbd7 9. Nge2 0-0 10. 0-0 Nh5 11. Bxe7 Qxe7 12. Qc2 Ndf6 13. Rae1 Re8 14. Nc1 Qd6 15. f3 g6 16. Qf2 Be6 17. Kh1 Rad8 18. g4 Ng7 19. Qh4 Bd7 20. Qxh6 c5 21. dxc5 Qxc5 22. Nb3 Qb6 23. Qh4 Rc8 24. Qf2 Bc6 25. Nd4 Nd7 26. f4 Ne6 27. f5 Nxd4 28. exd4 Rxe1 29. Rxe1 Nf8 30. fxg6 fxg6 31. Re7 Be8 32. Nxd5 Qc6 33. Be4 Qc1+ 34. Kg2 Qg5 35. Nf6+ Kh8 36. h4 Qb5 37. Qd2 g5 38. Re5 Qb6 39. Nxe8 Ne6 40. Rxe6 Qxe6 41. Nd6 Qxd6 42. Qxg5 Rc7 43. Qe5+ Qxe5 44. dxe5 Re7 45. Kf3 Rxe5 46. b3 Rb5 47. g5 Ra5 48. Bxb7 Rxa2 49. Bd5 Rh2 50. Kg3 Rd2 1/2-1/2

[Event "POL-ch U16 Girls"]
[Site "Sypniewo"]
[Date "2022.03.19"]
[Round "1"]
[White "Oborska, Magda"]
[Black "Lach, Alicja"]
[Result "1-0"]
[WhiteElo "1627"]
[BlackElo "1327"]
[PlyCount "95"]
[EventDate "2022.03.19"]
[EventType "swiss"]
[EventRounds "9"]
[EventCountry "POL"]
[SourceTitle "CBM 207 Extra"]
[Source "ChessBase"]
[SourceDate "2022.05.31"]
[SourceVersion "1"]
[SourceVersionDate "2022.05.31"]
[SourceQuality "1"]

1. e4 c5 2. Nf3 g6 3. d4 cxd4 4. Nxd4 Bg7 5. Be2 Nc6 6. Nb3 Nf6 7. Nc3 0-0 8. 0-0 d6 9. Re1 Bd7 10. Bf1 Ne5 11. h3 Qc7 12. Bg5 Bc6 13. Nd5 Bxd5 14. exd5 Rfe8 15. Rc1 a6 16. c4 b6 17. Re3 Ned7 18. Qe2 Nc5 19. Re1 Kf8 20. Nd4 Ng8 21. Nc6 f6 22. Bf4 a5 23. Nd4 Qd7 24. a3 g5 25. Bg3 a4 26. Qh5 Nh6 27. Ne6+ Kg8 28. Nxc5 bxc5 29. Re6 Nf7 30. Bd3 h6 31. Bg6 Ne5 32. Bxe8 Rxe8 33. Qe2 Rb8 34. f4 gxf4 35. Bxf4 Qe8 36. Qc2 Rb3 37. Re3 Rb7 38. b3 Qg6 39. Qd1 Qf5 40. Bxe5 fxe5 41. b4 cxb4 42. Qxa4 Qb1+ 43. Kh2 bxa3 44. Rxa3 Kh7 45. Qe8 Qf5 46. Rf3 Qg5 47. Rg3 Qf4 48. Qg6+ 1-0

[Event "POL-ch U14 Girls"]
[Site "Uniejow"]
[Date "2021.07.24"]
[Round "8"]
[White "Niedorys, Karolina"]
[Black "Oborska, Magda"]
[Result "1/2-1/2"]
[WhiteElo "1413"]
[BlackElo "1537"]
[PlyCount "61"]
[EventDate "2021.07.18"]
[EventType "swiss"]
[EventRounds "9"]
[EventCountry "POL"]
[SourceTitle "EXT 2022"]
[Source "ChessBase"]
[SourceDate "2021.10.06"]
[SourceVersion "1"]
[SourceVersionDate "2021.10.06"]
[SourceQuality "1"]

1. e4 e5 2. Nf3 Nc6 3. Nc3 Nf6 4. d4 exd4 5. Nxd4 Bb4 6. Nxc6 bxc6 7. Bd3 d5 8. exd5 cxd5 9. 0-0 0-0 10. Bg5 c6 11. h3 h6 12. Bh4 Be7 13. Re1 Be6 14. Qf3 Nd7 15. Bg3 Bb4 16. a3 Ba5 17. b4 Bc7 18. Ne2 Bxg3 19. Qxg3 Nf6 20. Nd4 Bd7 21. Qd6 Qb8 22. Qxb8 Raxb8 23. Re7 Rfe8 24. Rae1 Rxe7 25. Rxe7 Kf8 26. Re1 Nh5 27. Bf5 Bxf5 28. Nxf5 Nf6 29. f3 Rd8 30. Nd4 Rc8 31. Nb3 1/2-1/2

[Event "POL-ch U14 Girls"]
[Site "Uniejow"]
[Date "2021.07.21"]
[Round "5"]
[White "Oborska, Magda"]
[Black "Lazniewska, Zofia"]
[Result "1/2-1/2"]
[WhiteElo "1537"]
[BlackElo "1625"]
[PlyCount "67"]
[EventDate "2021.07.18"]
[EventType "swiss"]
[EventRounds "9"]
[EventCountry "POL"]
[SourceTitle "EXT 2022"]
[Source "ChessBase"]
[SourceDate "2021.10.06"]
[SourceVersion "1"]
[SourceVersionDate "2021.10.06"]
[SourceQuality "1"]

1. e4 c5 2. Nf3 Nc6 3. d4 cxd4 4. Nxd4 g6 5. Be2 Bg7 6. Nb3 Nf6 7. Nc3 0-0 8. 0-0 d6 9. Re1 Be6 10. Bf1 d5 11. exd5 Nxd5 12. Nxd5 Bxd5 13. c4 Be6 14. Nc5 Bc8 15. Qxd8 Rxd8 16. h3 b6 17. Na4 Nd4 18. Bd3 Be6 19. Bf4 Nf3+ 20. gxf3 Rxd3 21. Kg2 Rd4 22. Bg5 Rxc4 23. b3 Rc2 24. Rec1 Rac8 25. Rxc2 Rxc2 26. Rd1 f6 27. Be3 Rxa2 28. Nc3 Rc2 29. Nb5 Kf7 30. Nxa7 Bxb3 31. Rb1 Ba4 32. Rxb6 f5 33. Rb4 Be8 34. Nb5 1/2-1/2